Vybrané aspekty využitia metódy data mining

Charakteristika data miningu. Metódy data miningu. Aplikácia metódy data miningu. Výber a charakteristika použitého softvéru pre data mining. Charakteristika skúmaných dát. Realizácia procesu data mining.

Salvato in:
Dettagli Bibliografici
Autore principale: Hamranová, Anna, 1957-
Natura: Capitolo di libro
Lingua:slovacco
Soggetti:
Tags: Aggiungi Tag
Nessun Tag, puoi essere il primo ad aggiungerne!!

MARC

LEADER 00000nla a2200000 4500
001 0238649
005 20240502083638.6
041 0 |a slo 
044 |a CZ 
245 1 0 |a Vybrané aspekty využitia metódy data mining  |c Anna Hamranová 
520 |a Charakteristika data miningu. Metódy data miningu. Aplikácia metódy data miningu. Výber a charakteristika použitého softvéru pre data mining. Charakteristika skúmaných dát. Realizácia procesu data mining. 
610 2 0 |a dáta 
610 2 0 |a analýza dát 
610 2 0 |a dolovanie dát 
610 2 0 |a systémy informačné 
610 2 0 |a softvér 
100 1 |a Hamranová, Anna, 1957-